<?xml version="1.0" encoding="UTF-8"?>
<record
    xmlns:xsi="http://www.w3.org/2001/XMLSchema-instance"
    xsi:schemaLocation="http://www.loc.gov/MARC21/slim http://www.loc.gov/standards/marcxml/schema/MARC21slim.xsd"
    xmlns="http://www.loc.gov/MARC21/slim">

  <leader>01237nam a22003257a 4500</leader>
  <datafield tag="999" ind1=" " ind2=" ">
    <subfield code="c">21460</subfield>
    <subfield code="d">21460</subfield>
  </datafield>
  <controlfield tag="003">AR-CdUCM</controlfield>
  <controlfield tag="008">190220b           ||||| |||| 00| 0 spa d</controlfield>
  <datafield tag="020" ind1=" " ind2=" ">
    <subfield code="a">9786124150494</subfield>
  </datafield>
  <datafield tag="040" ind1=" " ind2=" ">
    <subfield code="a">MUNICIPALIDAD PROVINCIAL DEL CUSCO</subfield>
    <subfield code="c">BIBLIOTECA MUNICIPAL DEL CUSCO</subfield>
  </datafield>
  <datafield tag="082" ind1=" " ind2=" ">
    <subfield code="a">323.042/P26</subfield>
    <subfield code="b">P26</subfield>
  </datafield>
  <datafield tag="100" ind1=" " ind2=" ">
    <subfield code="a">Paredes, Maritza</subfield>
  </datafield>
  <datafield tag="245" ind1=" " ind2=" ">
    <subfield code="a">Representaci&#xF3;n pol&#xED;tica ind&#xED;gena :</subfield>
    <subfield code="b">un an&#xE1;lisis comparativo subnacional /</subfield>
    <subfield code="c">Maritza Paredes</subfield>
  </datafield>
  <datafield tag="260" ind1=" " ind2=" ">
    <subfield code="a">Lima :</subfield>
    <subfield code="b">Instituto de Estudios Peruanos, IEP,</subfield>
    <subfield code="b">Jurado Nacional de Elecciones,</subfield>
    <subfield code="b">IDEA Internacional,</subfield>
    <subfield code="b">Ministerio de Cultura,</subfield>
    <subfield code="c">2015.</subfield>
  </datafield>
  <datafield tag="300" ind1=" " ind2=" ">
    <subfield code="a">133 p&#xE1;ginas ;</subfield>
    <subfield code="b">ilustraciones,</subfield>
    <subfield code="c">21 cm.</subfield>
  </datafield>
  <datafield tag="440" ind1=" " ind2=" ">
    <subfield code="a">Serie Ideolog&#xED;a y Pol&#xED;tica,</subfield>
    <subfield code="n">44.</subfield>
    <subfield code="9">44869</subfield>
  </datafield>
  <datafield tag="500" ind1=" " ind2=" ">
    <subfield code="z">Bibliograf&#xED;a: p. 111-124.</subfield>
  </datafield>
  <datafield tag="650" ind1=" " ind2=" ">
    <subfield code="a">Participaci&#xF3;n pol&#xED;tica</subfield>
    <subfield code="9">7489</subfield>
  </datafield>
  <datafield tag="650" ind1=" " ind2=" ">
    <subfield code="a">Ind&#xED;genas del Per&#xFA;</subfield>
    <subfield code="9">5715</subfield>
  </datafield>
  <datafield tag="650" ind1=" " ind2=" ">
    <subfield code="a">Elecciones</subfield>
    <subfield code="9">1677</subfield>
  </datafield>
  <datafield tag="650" ind1=" " ind2=" ">
    <subfield code="a">Actividad pol&#xED;tica</subfield>
    <subfield code="9">9761</subfield>
  </datafield>
  <datafield tag="650" ind1=" " ind2=" ">
    <subfield code="a">Participaci&#xF3;n ciudadana</subfield>
    <subfield code="9">4011</subfield>
  </datafield>
  <datafield tag="650" ind1=" " ind2=" ">
    <subfield code="a">Cusco</subfield>
    <subfield code="9">772</subfield>
  </datafield>
  <datafield tag="650" ind1=" " ind2=" ">
    <subfield code="a">Madre de Dios</subfield>
    <subfield code="9">1067</subfield>
  </datafield>
  <datafield tag="650" ind1=" " ind2=" ">
    <subfield code="a">Per&#xFA;</subfield>
    <subfield code="9">44870</subfield>
  </datafield>
  <datafield tag="710" ind1=" " ind2=" ">
    <subfield code="a">Instituto de Estudios Peruanos (Lima)</subfield>
    <subfield code="9">9759</subfield>
  </datafield>
  <datafield tag="710" ind1=" " ind2=" ">
    <subfield code="a">Ministerio de Cultura</subfield>
    <subfield code="9">6146</subfield>
  </datafield>
  <datafield tag="710" ind1=" " ind2=" ">
    <subfield code="a">Jurado Nacional de Elecciones</subfield>
    <subfield code="9">31366</subfield>
  </datafield>
  <datafield tag="942" ind1=" " ind2=" ">
    <subfield code="2">ddc</subfield>
    <subfield code="c">LIBROS</subfield>
  </datafield>
  <datafield tag="945" ind1=" " ind2=" ">
    <subfield code="a">Roel</subfield>
  </datafield>
  <datafield tag="952" ind1=" " ind2=" ">
    <subfield code="0">0</subfield>
    <subfield code="2">ddc</subfield>
    <subfield code="4">0</subfield>
    <subfield code="7">0</subfield>
    <subfield code="a">SH</subfield>
    <subfield code="b">SH</subfield>
    <subfield code="c">CART</subfield>
    <subfield code="d">2020-07-17</subfield>
    <subfield code="e">Compra</subfield>
    <subfield code="g">50.00</subfield>
    <subfield code="o">323.042/P26</subfield>
    <subfield code="p">SH0000015807</subfield>
    <subfield code="r">2020-07-17</subfield>
    <subfield code="y">LIBROS</subfield>
  </datafield>
  <datafield tag="952" ind1=" " ind2=" ">
    <subfield code="0">0</subfield>
    <subfield code="2">ddc</subfield>
    <subfield code="4">0</subfield>
    <subfield code="7">0</subfield>
    <subfield code="a">SH</subfield>
    <subfield code="b">SH</subfield>
    <subfield code="c">CART</subfield>
    <subfield code="d">2020-07-17</subfield>
    <subfield code="e">Compra</subfield>
    <subfield code="g">50.00</subfield>
    <subfield code="o">323.042/P26/e.2</subfield>
    <subfield code="p">SH0000015808</subfield>
    <subfield code="r">2020-07-17</subfield>
    <subfield code="y">LIBROS</subfield>
  </datafield>
</record>
